Gaming Quiz

Random Gaming or Pokémon Quiz
Score 0/26 Timer 04:00
0 Plays Today
% Correct
Snore
89.1%
Blast
85.6%
Polly
85.5%
Star
83.8%
Chance
81.6%
Marrow
81.5%
Victory
81.5%
Vial
79.9%
Wore
79.7%
Magic
78.1%
Queue
75.4%
Gassed
74.8%
Magna
74.4%
% Correct
Hoar
73.9%
Pore
69.9%
Are
69.7%
Goal
69.6%
Ride
69.3%
Rye
65.6%
Vole
62.9%
Hip
62.3%
We
61.3%
Awed
57.3%
Mole
53.9%
Much
51.8%
Tore
50.9%
Remove Ads.
Support Sporcle.
Get the best of Sporcle when you Go Orange. This ad-free experience offers more features, more stats, and more fun while also helping to support Sporcle. Thank you for becoming a member.

You're not logged in!

Compare scores with friends on all Sporcle quizzes.
OR
Log In

Show Comments

Extras

Top Quizzes Today


Score Distribution

Your Account Isn't Verified!

In order to create a playlist on Sporcle, you need to verify the email address you used during registration. Go to your Sporcle Settings to finish the process.

Report this User

Report this user for behavior that violates our Community Guidelines.

Details: